Basanti: (Record no. 173012)
[ view plain ]
| 000 -LEADER | |
|---|---|
| fixed length control field | 00886nam a22002777a 4500 |
| 005 - DATE AND TIME OF LATEST TRANSACTION | |
| control field | 20200220170046.0 |
| 010 ## - LCCN (DPL NO) | |
| LC control number | ENG-127856 |
| 020 ## - INTERNATIONAL STANDARD BOOK NUMBER | |
| Terms of availability | 550.00 |
| International Standard Book Number | 9780199489862 |
| 035 ## - SYSTEM CONTROL NUMBER | |
| System control number | EN-111388 |
| 037 ## - SOURCE OF ACQUISITION | |
| Source of stock number/acquisition | DBAD/PUB |
| 082 ## - DEWEY DECIMAL CLASSIFICATION NUMBER | |
| Classification number | N |
| 100 ## - MAIN ENTRY--PERSONAL NAME | |
| Personal name | Ray, Annada Shankar |
| 245 ## - TITLE STATEMENT | |
| Title | Basanti: |
| Remainder of title | writing the new women/ |
| Statement of responsibility, etc | by Annada Shankar Ray ...[et al];translated by Mohapatra,Himansu S.and Pierre,Paul St |
| 260 ## - PUBLICATION, DISTRIBUTION, ETC. (IMPRINT) | |
| Place of publication, distribution, etc | New Delhi |
| Date of publication, distribution, etc | 2019 |
| Name of publisher, distributor, etc | Oxford University Press |
| 270 ## - ADDRESS | |
| Address | 2/11, Ground floor, Ansari Road, Darya Ganj, |
| Postal code | 110002 |
| City | New Delhi |
| 300 ## - PHYSICAL DESCRIPTION | |
| Extent | xxix;246p. |
| Other physical details | 22cm(pbk) |
| 700 ## - ADDED ENTRY--PERSONAL NAME | |
| Personal name | Das,Baishnab Charan |
| 700 ## - ADDED ENTRY--PERSONAL NAME | |
| Personal name | Mahapatra, Harihar |
| 700 ## - ADDED ENTRY--PERSONAL NAME | |
| Personal name | Panigrahi,Kalindi Charan |
| 700 ## - ADDED ENTRY--PERSONAL NAME | |
| Personal name | Mahanti,Muralidhar Mahanti |
| 700 ## - ADDED ENTRY--PERSONAL NAME | |
| Personal name | Prativa Devi |
| 700 ## - ADDED ENTRY--PERSONAL NAME | |
| Personal name | Sarala Devi |
| 700 ## - ADDED ENTRY--PERSONAL NAME | |
| Personal name | Mukherjee,Sarat Chandra |
| 700 ## - ADDED ENTRY--PERSONAL NAME | |
| Personal name | Suprava Devi |
| 942 ## - ADDED ENTRY ELEMENTS (KOHA) | |
| Source of classification or shelving scheme | Dewey Decimal Classification |
| Item type | English Books |
| Classification part | BAS |
| Call number prefix | N |
| Withdrawn status | Lost status | Not for loan | Collection code | Home library | Current library | Date acquired | Source of acquisition | Cost, normal purchase price | Full call number | Barcode | Copy number | Cost, replacement price | Koha item type |
|---|---|---|---|---|---|---|---|---|---|---|---|---|---|
| Fiction | Central Library | Central Library | 17/02/2020 | DBAD/PUB | 550.00 | BAS | EN-111388 | 1 | 550.00 | English Books |
